Estadísticas para Países que tocan el Mar Adriático

Haz click aquí para intentar la prueba.

Estadísticas generales

  • Esta prueba ha sido intentada 2.403 veces
  • La puntuación promedio es 6 de 6

Estadísticas de respuestas

País% Correcto
Italia
99%
Croacia
97%
Albania
95%
Bosnia y Herzegovina
94%
Eslovenia
93%
Montenegro
92%

Distribución de puntuación

Porcentaje por número respondido

Porcentaje de gente con cada puntuación

Historial de tus puntuaciones

No has intentado esta prueba.